| 000 | 00791nam a2200205Ia 4500 | ||
|---|---|---|---|
| 003 | GCL | ||
| 008 | 140319s9999 xx 000 0 ara d | ||
| 040 |
_aGCL / _cGCL |
||
| 082 | 0 | 4 |
_a373.246 _bم ا |
| 100 | 1 | _aمريم محمد ابراهيم الشرقاوى | |
| 245 | 1 | 0 |
_aادارة التعليم الفنى وفقا لمشروع مبارك - كول / _cمريم محمد ابراهيم الشرقاوى |
| 260 |
_aالقاهرة : _bمكتبة النهضة المصرية ، _c2005 |
||
| 300 |
_a221 ص ؛ _c21 سم |
||
| 650 | 0 | 4 | _aالتعليم المهنى |
| 650 | 0 | 4 | _aالادارة التعليمية |
| 650 | 0 | 4 | _aالتعليم المهنى - ادارة |
| 650 | 0 | 4 | _aالتعليم المهنى - مصر |
| 650 | 0 | 4 | _aمشروع مبارك - كول |
| 942 |
_2ddc _cBK |
||
| 999 |
_c8606 _d8606 |
||